00553nam a2200229Ia 450000500170000000800460001702000180006303700100008104000080009104000080009904000080010704100080011504100080012308400080013110000210013924500650016026000230022526000090024836500050025736500080026285600530027020260324132725.0008 260324s9999 xx 000 0 eng d a9780429132643 aEBOOK aCRL beng cCRL 2eng aeng qCRL aHirotsugu Yasuda 0aLuminous Chemical Vapor Deposition and Interface Engineering bTaylor and Francis c2004 a b560 uhttp://www.taylorfrancis.com/books/9780429132643